00363 2200157 4500245004200000020002200042250001100064100001600075650001600091005001900107260003300126041001400159084000800173300001500181336000900196 aBokutachi no UnmeicOrihara RanhText a978-602-7640-43-6 aCet. 1 aOrihara Ran aNovel Fiksi a20230110140752 aYogyakartabDIVA Pressc2012 aIndonesia a813 a236 hlm. : atext